National Park Quiz - Yellowstone - Statistics

General Stats
  • This quiz has been taken 62 times
  • The average score is 12 of 17
Answer Stats
Hint Answer % Correct
U.S. states that share Yellowstone Park Wyoming
100%
U.S. states that share Yellowstone Park Idaho
96%
U.S. states that share Yellowstone Park Montana
93%
3,000-6,000 of this wild bovine roam Yellowstone Bison
91%
Most famous geyser Old {Faithful}
91%
Mountain range Yellowstone is part of Rocky Mountains
89%
Earth feature that lies under Yellowstone, and is capable of destroying much of the western United States Supervolcano
85%
Mammal reintroduced in 1995 Gray Wolf
80%
Smaller national park to the south Grand Teton
76%
Yellowstone has experienced this natural disaster many times—the worst occurred in 1988 and 2016 Wildfires
70%
Most abundant large mammal in Yellowstone Elk
67%
Name one of the three U.S. national parks that received more visitors than Yellowstone in 2023 Great Smoky Mountains | Grand Canyon | Zion
65%
President who approved the creation of Yellowstone in 1872 Ulysses S. Grant
57%
What are Grand Prismatic and Mammoth? Hot Springs
54%
Major river that starts within Yellowstone and flows south to Jackson Lake Snake River
35%
Tallest active geyser in the world {Steamboat} Geyser
15%
Second largest lake, after Yellowstone Lake Shoshone Lake
13%
No matching quizzes found
Score Distribution
Percent of People with Each Score
Percentile by Number Answered
Your Score History
You have not taken this quiz